[Event "DVM U20 2020"]
[Site "Willingen GER"]
[Date "2021.06.26"]
[Round "5"]
[White "Steinhauer, Artur"]
[Black "Martin, Richard"]
[Result "0-1"]
[Termination "normal"]
[Board "4.6"]
[WhiteElo "1607"]
[BlackElo "1923"]
[WhiteClock "00:06:21"]
[BlackClock "00:07:46"]
[WhiteTeam "SC Bavaria Regensburg von 1881 e.V."]
[BlackTeam "OSG Baden-Baden"]
[PlyCount "120"]
[WhiteFideId "16263596"]
[BlackFideId "12925691"]
[EventCountry "GER"]
[EventRounds "7"]
[EventType "team-swiss"]
[EventDate "2021.06.23"]

1. c4 {[%clk 01:30:52]} {[%emt 00:00:07]} Nf6 {[%clk 01:30:54]} {[%emt
00:00:06]} 2. Nf3 {[%clk 01:31:04]} {[%emt 00:00:18]} e6 {[%clk 01:31:19]}
{[%emt 00:00:05]} 3. g3 {[%clk 01:30:29]} {[%emt 00:01:04]} d5 {[%clk
01:31:44]} {[%emt 00:00:05]} 4. cxd5 {[%clk 01:30:49]} {[%emt 00:00:11]} exd5
{[%clk 01:32:10]} {[%emt 00:00:04]} 5. Bg2 {[%clk 01:31:11]} {[%emt 00:00:07]}
Be7 {[%clk 01:31:44]} {[%emt 00:00:56]} 6. O-O {[%clk 01:31:30]} {[%emt
00:00:11]} O-O {[%clk 01:32:11]} {[%emt 00:00:04]} 7. d4 {[%clk 01:30:21]}
{[%emt 00:01:40]} c6 {[%clk 01:30:33]} {[%emt 00:02:09]} 8. Nc3 {[%clk
01:30:36]} {[%emt 00:00:13]} Be6 {[%clk 01:29:12]} {[%emt 00:01:51]} 9. Bf4
{[%clk 01:24:36]} {[%emt 00:06:30]} Ne4 {[%clk 01:22:45]} {[%emt 00:06:57]} 10.
Nd2 {[%clk 01:18:56]} {[%emt 00:06:10]} f5 {[%clk 01:19:35]} {[%emt 00:03:41]}
11. f3 {[%clk 01:19:16]} {[%emt 00:00:10]} Nd6 {[%clk 01:20:01]} {[%emt
00:00:04]} 12. Na4 {[%clk 01:08:42]} {[%emt 00:11:03]} Nd7 {[%clk 01:17:47]}
{[%emt 00:02:44]} 13. Qb3 {[%clk 01:02:11]} {[%emt 00:07:01]} b5 {[%clk
01:08:46]} {[%emt 00:09:31]} 14. Nc3 {[%clk 01:01:02]} {[%emt 00:01:39]} Qb6
{[%clk 01:05:56]} {[%emt 00:03:21]} 15. Be3 {[%clk 00:57:15]} {[%emt 00:04:18]}
Bf6 {[%clk 01:04:53]} {[%emt 00:01:31]} 16. Qb4 {[%clk 00:50:19]} {[%emt
00:07:27]} Nf7 {[%clk 01:04:00]} {[%emt 00:01:23]} 17. Nd1 {[%clk 00:46:48]}
{[%emt 00:04:01]} a5 {[%clk 00:54:38]} {[%emt 00:09:53]} 18. Qc3 {[%clk
00:47:07]} {[%emt 00:00:11]} a4 {[%clk 00:49:25]} {[%emt 00:05:41]} 19. Bf2
{[%clk 00:41:49]} {[%emt 00:05:48]} c5 {[%clk 00:47:11]} {[%emt 00:02:45]} 20.
e3 {[%clk 00:39:35]} {[%emt 00:02:43]} Rac8 {[%clk 00:44:18]} {[%emt 00:03:23]}
21. Qd3 {[%clk 00:37:20]} {[%emt 00:02:45]} cxd4 {[%clk 00:40:42]} {[%emt
00:04:06]} 22. exd4 {[%clk 00:36:56]} {[%emt 00:00:55]} Nd6 {[%clk 00:39:24]}
{[%emt 00:01:47]} 23. b3 {[%clk 00:36:52]} {[%emt 00:00:35]} f4 {[%clk
00:38:14]} {[%emt 00:01:40]} 24. g4 {[%clk 00:36:18]} {[%emt 00:01:03]} Bf7
{[%clk 00:29:41]} {[%emt 00:09:03]} 25. Nb1 {[%clk 00:31:09]} {[%emt 00:05:40]}
Bg6 {[%clk 00:29:52]} {[%emt 00:00:18]} 26. Qd2 {[%clk 00:31:34]} {[%emt
00:00:05]} Rc2 {[%clk 00:27:44]} {[%emt 00:02:39]} 27. Qxf4 {[%clk 00:30:53]}
{[%emt 00:01:11]} Rxf2 {[%clk 00:28:05]} {[%emt 00:00:09]} 28. Nxf2 {[%clk
00:30:54]} {[%emt 00:00:29]} Bxd4 {[%clk 00:28:29]} {[%emt 00:00:07]} 29. Qd2
{[%clk 00:26:51]} {[%emt 00:04:31]} Bxa1 {[%clk 00:26:52]} {[%emt 00:02:07]}
30. Qxd5+ {[%clk 00:24:33]} {[%emt 00:02:49]} Bf7 {[%clk 00:27:11]} {[%emt
00:00:11]} 31. Qd2 {[%clk 00:24:31]} {[%emt 00:00:32]} axb3 {[%clk 00:26:46]}
{[%emt 00:00:55]} 32. axb3 {[%clk 00:24:55]} {[%emt 00:00:06]} Nb8 {[%clk
00:24:06]} {[%emt 00:03:09]} 33. Rd1 {[%clk 00:24:58]} {[%emt 00:00:27]} Nb7
{[%clk 00:24:02]} {[%emt 00:00:32]} 34. Na3 {[%clk 00:25:08]} {[%emt 00:00:22]}
Rd8 {[%clk 00:23:40]} {[%emt 00:00:52]} 35. Qe1 {[%clk 00:25:14]} {[%emt
00:00:23]} Rxd1 {[%clk 00:23:57]} {[%emt 00:00:15]} 36. Qxd1 {[%clk 00:25:39]}
{[%emt 00:00:04]} Bd4 {[%clk 00:24:15]} {[%emt 00:00:11]} 37. Qc2 {[%clk
00:25:43]} {[%emt 00:00:27]} Bxf2+ {[%clk 00:24:31]} {[%emt 00:00:14]} 38. Qxf2
{[%clk 00:26:10]} {[%emt 00:00:03]} Qxf2+ {[%clk 00:24:56]} {[%emt 00:00:05]}
39. Kxf2 {[%clk 00:26:34]} {[%emt 00:00:06]} Nd6 {[%clk 00:25:21]} {[%emt
00:00:05]} 40. Bf1 {[%clk 00:26:57]} {[%emt 00:00:08]} b4 {[%clk 00:25:08]}
{[%emt 00:00:43]} 41. Nc2 {[%clk 00:27:08]} {[%emt 00:00:19]} Nc6 {[%clk
00:25:25]} {[%emt 00:00:13]} 42. Na1 {[%clk 00:26:28]} {[%emt 00:01:10]} Bd5
{[%clk 00:22:05]} {[%emt 00:03:49]} 43. Ke3 {[%clk 00:26:47]} {[%emt 00:00:11]}
Kf7 {[%clk 00:22:26]} {[%emt 00:00:10]} 44. Bd3 {[%clk 00:26:57]} {[%emt
00:00:21]} Nb7 {[%clk 00:19:39]} {[%emt 00:03:16]} 45. h4 {[%clk 00:26:55]}
{[%emt 00:00:32]} Nc5 {[%clk 00:19:50]} {[%emt 00:00:19]} 46. Bc2 {[%clk
00:27:23]} {[%emt 00:00:02]} h6 {[%clk 00:19:27]} {[%emt 00:00:54]} 47. f4
{[%clk 00:27:01]} {[%emt 00:00:52]} Ke6 {[%clk 00:19:28]} {[%emt 00:00:28]} 48.
Bf5+ {[%clk 00:26:57]} {[%emt 00:00:35]} Kd6 {[%clk 00:19:50]} {[%emt
00:00:08]} 49. Bc2 {[%clk 00:27:19]} {[%emt 00:00:08]} Na5 {[%clk 00:19:58]}
{[%emt 00:00:21]} 50. g5 {[%clk 00:25:50]} {[%emt 00:01:59]} Naxb3 {[%clk
00:19:48]} {[%emt 00:00:41]} 51. Bxb3 {[%clk 00:26:04]} {[%emt 00:00:16]} Bxb3
{[%clk 00:19:08]} {[%emt 00:01:09]} 52. f5 {[%clk 00:26:02]} {[%emt 00:00:32]}
Bg8 {[%clk 00:14:15]} {[%emt 00:05:24]} 53. Kf4 {[%clk 00:22:24]} {[%emt
00:04:07]} b3 {[%clk 00:06:42]} {[%emt 00:08:03]} 54. Nxb3 {[%clk 00:21:46]}
{[%emt 00:01:09]} Bxb3 {[%emt 00:00:49]} 55. h5 {[%clk 00:06:46]} {[%emt
00:15:28]} Ne6+ {[%clk 00:05:41]} {[%emt 00:01:14]} 56. fxe6 {[%clk 00:06:39]}
{[%emt 00:00:37]} Kxe6 {[%clk 00:06:05]} {[%emt 00:00:06]} 57. gxh6 {[%clk
00:06:57]} {[%emt 00:00:12]} gxh6 {[%clk 00:06:31]} {[%emt 00:00:04]} 58. Kg4
{[%clk 00:06:21]} {[%emt 00:01:05]} Kf6 {[%clk 00:06:56]} {[%emt 00:00:05]} 59.
Kh4 {[%clk 00:06:45]} {[%emt 00:00:07]} Bd1 {[%clk 00:07:21]} {[%emt 00:00:05]}
60. Kg3 {[%clk 00:06:21]} {[%emt 00:00:54]} Kg5 {[%clk 00:07:46]} {[%emt
00:00:05]} 0-1

[Event "DVM U20 2020"]
[Site "Willingen GER"]
[Date "2021.06.26"]
[Round "5"]
[White "Kololli, Martin"]
[Black "Küppers, Timo"]
[Result "1-0"]
[Termination "normal"]
[Board "5.1"]
[WhiteTitle "FM"]
[BlackTitle "FM"]
[WhiteElo "2316"]
[BlackElo "2287"]
[WhiteClock "00:32:54"]
[BlackClock "00:20:37"]
[WhiteTeam "Lübecker SV von 1873"]
[BlackTeam "Schachfreunde Essen-Katernberg"]
[PlyCount "99"]
[WhiteFideId "12936910"]
[BlackFideId "16205820"]
[EventCountry "GER"]
[EventRounds "7"]
[EventType "team-swiss"]
[EventDate "2021.06.23"]

1. e4 {[%clk 01:30:57]} {[%emt 00:00:02]} c6 {[%clk 01:30:38]} {[%emt
00:00:22]} 2. c4 {[%clk 01:31:21]} {[%emt 00:00:06]} e5 {[%clk 01:31:05]}
{[%emt 00:00:03]} 3. Nf3 {[%clk 01:30:50]} {[%emt 00:01:01]} d6 {[%clk
01:31:01]} {[%emt 00:00:35]} 4. d4 {[%clk 01:31:06]} {[%emt 00:00:13]} Nd7
{[%clk 01:31:22]} {[%emt 00:00:07]} 5. Nc3 {[%clk 01:30:19]} {[%emt 00:01:18]}
Ngf6 {[%clk 01:31:28]} {[%emt 00:00:25]} 6. Be2 {[%clk 01:26:38]} {[%emt
00:04:11]} g6 {[%clk 01:31:31]} {[%emt 00:00:27]} 7. O-O {[%clk 01:26:59]}
{[%emt 00:00:08]} Bg7 {[%clk 01:31:55]} {[%emt 00:00:07]} 8. dxe5 {[%clk
01:24:52]} {[%emt 00:02:37]} Nxe5 {[%clk 01:15:12]} {[%emt 00:17:13]} 9. Bf4
{[%clk 01:18:50]} {[%emt 00:06:32]} Nh5 {[%clk 00:55:11]} {[%emt 00:20:32]} 10.
Be3 {[%clk 01:11:53]} {[%emt 00:07:27]} Be6 {[%clk 00:54:23]} {[%emt 00:01:18]}
11. Nxe5 {[%clk 01:09:53]} {[%emt 00:02:29]} dxe5 {[%clk 00:53:27]} {[%emt
00:01:26]} 12. Bxh5 {[%clk 01:08:46]} {[%emt 00:01:37]} gxh5 {[%clk 00:53:46]}
{[%emt 00:00:11]} 13. Qxh5 {[%clk 01:04:28]} {[%emt 00:04:48]} Bxc4 {[%clk
00:53:01]} {[%emt 00:01:15]} 14. Rfd1 {[%clk 00:57:15]} {[%emt 00:07:43]} Qe7
{[%clk 00:36:12]} {[%emt 00:17:20]} 15. Rac1 {[%clk 00:52:50]} {[%emt
00:04:54]} b6 {[%clk 00:30:59]} {[%emt 00:05:43]} 16. b3 {[%clk 00:47:19]}
{[%emt 00:06:01]} Ba6 {[%clk 00:26:54]} {[%emt 00:04:35]} 17. Qg4 {[%clk
00:35:44]} {[%emt 00:12:05]} Bf6 {[%clk 00:25:55]} {[%emt 00:01:29]} 18. Qh5
{[%clk 00:28:26]} {[%emt 00:07:48]} Rd8 {[%clk 00:23:29]} {[%emt 00:02:56]} 19.
Ne2 {[%clk 00:25:31]} {[%emt 00:03:25]} Rxd1+ {[%clk 00:20:30]} {[%emt
00:03:29]} 20. Rxd1 {[%clk 00:25:56]} {[%emt 00:00:05]} O-O {[%clk 00:17:38]}
{[%emt 00:03:21]} 21. Ng3 {[%clk 00:25:58]} {[%emt 00:00:29]} Bc8 {[%clk
00:15:49]} {[%emt 00:02:20]} 22. h3 {[%clk 00:19:15]} {[%emt 00:07:12]} Rd8
{[%clk 00:15:15]} {[%emt 00:01:04]} 23. Rxd8+ {[%clk 00:19:13]} {[%emt
00:00:31]} Qxd8 {[%clk 00:15:41]} {[%emt 00:00:05]} 24. Qh6 {[%clk 00:19:24]}
{[%emt 00:00:19]} Bg7 {[%clk 00:07:02]} {[%emt 00:09:09]} 25. Qxc6 {[%clk
00:19:29]} {[%emt 00:00:25]} Qd1+ {[%clk 00:07:04]} {[%emt 00:00:27]} 26. Kh2
{[%clk 00:19:30]} {[%emt 00:00:30]} Qd7 {[%clk 00:07:27]} {[%emt 00:00:07]} 27.
Qc1 {[%clk 00:17:07]} {[%emt 00:02:52]} Bb7 {[%clk 00:04:56]} {[%emt 00:03:01]}
28. Bh6 {[%clk 00:16:29]} {[%emt 00:01:09]} Qc6 {[%clk 00:04:29]} {[%emt
00:00:56]} 29. Qxc6 {[%clk 00:16:01]} {[%emt 00:00:58]} Bxc6 {[%clk 00:04:56]}
{[%emt 00:00:04]} 30. Bxg7 {[%clk 00:15:44]} {[%emt 00:00:47]} Kxg7 {[%clk
00:05:23]} {[%emt 00:00:03]} 31. f3 {[%clk 00:15:00]} {[%emt 00:01:14]} Kf6
{[%clk 00:01:29]} {[%emt 00:04:24]} 32. Kg1 {[%clk 00:15:02]} {[%emt 00:00:28]}
Bb5 {[%clk 00:00:55]} {[%emt 00:01:04]} 33. Kf2 {[%clk 00:15:06]} {[%emt
00:00:26]} Bd3 {[%clk 00:00:54]} {[%emt 00:00:32]} 34. Ke3 {[%clk 00:12:15]}
{[%emt 00:03:20]} Bb5 {[%clk 00:01:17]} {[%emt 00:00:06]} 35. h4 {[%clk
00:11:07]} {[%emt 00:01:39]} Ba6 {[%clk 00:01:20]} {[%emt 00:00:27]} 36. Nf5
{[%clk 00:11:15]} {[%emt 00:00:22]} Bf1 {[%clk 00:00:45]} {[%emt 00:01:04]} 37.
g4 {[%clk 00:11:25]} {[%emt 00:00:20]} Ba6 {[%clk 00:00:54]} {[%emt 00:00:21]}
38. f4 {[%clk 00:10:59]} {[%emt 00:00:57]} exf4+ {[%clk 00:01:06]} {[%emt
00:00:18]} 39. Kxf4 {[%clk 00:11:23]} {[%emt 00:00:06]} Bd3 {[%clk 00:01:20]}
{[%emt 00:00:16]} 40. Nd4 {[%clk 00:11:24]} {[%emt 00:00:29]} Bb1 {[%clk
00:01:24]} {[%emt 00:00:26]} 41. a3 {[%clk 00:10:34]} {[%emt 00:01:20]} Bd3
{[%clk 00:28:05]} {[%emt 00:03:49]} 42. h5 {[%clk 00:35:47]} {[%emt 00:05:17]}
Bb1 {[%clk 00:23:05]} {[%emt 00:05:29]} 43. g5+ {[%clk 00:34:07]} {[%emt
00:02:11]} Kg7 {[%clk 00:22:08]} {[%emt 00:01:28]} 44. Ke5 {[%clk 00:33:27]}
{[%emt 00:01:09]} Bd3 {[%clk 00:21:59]} {[%emt 00:00:39]} 45. Nf5+ {[%clk
00:33:38]} {[%emt 00:00:19]} Kf8 {[%clk 00:22:10]} {[%emt 00:00:20]} 46. h6
{[%clk 00:33:10]} {[%emt 00:00:57]} Bc2 {[%clk 00:22:09]} {[%emt 00:00:30]} 47.
b4 {[%clk 00:33:18]} {[%emt 00:00:23]} Bd1 {[%clk 00:20:24]} {[%emt 00:02:15]}
48. Ne3 {[%clk 00:32:35]} {[%emt 00:01:12]} Bh5 {[%clk 00:20:15]} {[%emt
00:00:40]} 49. Nd5 {[%clk 00:32:55]} {[%emt 00:00:10]} Bg6 {[%clk 00:20:37]}
{[%emt 00:00:08]} 50. Nf4 {[%clk 00:32:54]} {[%emt 00:00:30]} 1-0

[Event "DVM U20 2020"]
[Site "Willingen GER"]
[Date "2021.06.26"]
[Round "5"]
[White "Irkilmez, Yakub"]
[Black "Bosselmann, Tom Linus"]
[Result "0-1"]
[Termination "normal"]
[Board "5.2"]
[WhiteElo "2167"]
[BlackElo "2060"]
[WhiteClock "00:29:20"]
[BlackClock "00:32:39"]
[WhiteTeam "Schachfreunde Essen-Katernberg"]
[BlackTeam "Lübecker SV von 1873"]
[PlyCount "86"]
[WhiteFideId "16204581"]
[BlackFideId "12983845"]
[EventCountry "GER"]
[EventRounds "7"]
[EventType "team-swiss"]
[EventDate "2021.06.23"]

1. d4 {[%clk 01:30:56]} {[%emt 00:00:04]} Nf6 {[%clk 01:30:50]} {[%emt
00:00:11]} 2. c4 {[%clk 01:29:50]} {[%emt 00:01:35]} g6 {[%clk 01:30:42]}
{[%emt 00:00:39]} 3. Nc3 {[%clk 01:30:11]} {[%emt 00:00:09]} Bg7 {[%clk
01:30:49]} {[%emt 00:00:22]} 4. e4 {[%clk 01:30:35]} {[%emt 00:00:06]} d6
{[%clk 01:30:33]} {[%emt 00:00:47]} 5. Be2 {[%clk 01:30:54]} {[%emt 00:00:11]}
O-O {[%clk 01:25:01]} {[%emt 00:06:01]} 6. Be3 {[%clk 01:29:30]} {[%emt
00:01:54]} Nbd7 {[%clk 01:18:15]} {[%emt 00:07:17]} 7. g4 {[%clk 01:28:29]}
{[%emt 00:01:29]} c5 {[%clk 01:15:07]} {[%emt 00:03:39]} 8. d5 {[%clk
01:25:53]} {[%emt 00:03:06]} a6 {[%clk 01:08:55]} {[%emt 00:06:43]} 9. g5
{[%clk 01:20:51]} {[%emt 00:05:32]} Ne8 {[%clk 01:09:19]} {[%emt 00:00:05]} 10.
h4 {[%clk 01:15:03]} {[%emt 00:06:18]} e6 {[%clk 01:08:12]} {[%emt 00:01:37]}
11. h5 {[%clk 01:13:32]} {[%emt 00:02:02]} exd5 {[%clk 01:04:49]} {[%emt
00:03:53]} 12. exd5 {[%clk 01:01:08]} {[%emt 00:12:53]} b5 {[%clk 00:54:58]}
{[%emt 00:10:22]} 13. Qd2 {[%clk 00:54:58]} {[%emt 00:06:38]} bxc4 {[%clk
00:52:49]} {[%emt 00:02:41]} 14. f4 {[%clk 00:49:57]} {[%emt 00:05:31]} Nb6
{[%clk 00:48:19]} {[%emt 00:05:00]} 15. Bf3 {[%clk 00:47:59]} {[%emt 00:02:27]}
Qe7 {[%clk 00:42:58]} {[%emt 00:05:51]} 16. Kf1 {[%clk 00:47:00]} {[%emt
00:01:30]} Bf5 {[%clk 00:40:14]} {[%emt 00:03:13]} 17. Re1 {[%clk 00:39:10]}
{[%emt 00:08:20]} Qd7 {[%clk 00:37:45]} {[%emt 00:02:59]} 18. hxg6 {[%clk
00:30:13]} {[%emt 00:09:27]} fxg6 {[%clk 00:36:45]} {[%emt 00:01:30]} 19. Ne4
{[%clk 00:22:24]} {[%emt 00:08:19]} Rf7 {[%clk 00:33:03]} {[%emt 00:04:12]} 20.
Ng3 {[%clk 00:22:17]} {[%emt 00:00:37]} Bd3+ {[%clk 00:31:52]} {[%emt
00:01:41]} 21. Kg2 {[%clk 00:22:28]} {[%emt 00:00:19]} Nc7 {[%clk 00:30:04]}
{[%emt 00:02:19]} 22. f5 {[%clk 00:11:10]} {[%emt 00:11:46]} Bxf5 {[%clk
00:27:50]} {[%emt 00:02:44]} 23. Rh4 {[%clk 00:09:23]} {[%emt 00:02:18]} Re8
{[%clk 00:25:00]} {[%emt 00:03:20]} 24. N1e2 {[%clk 00:08:22]} {[%emt
00:01:30]} Be5 {[%clk 00:23:11]} {[%emt 00:02:20]} 25. Nxf5 {[%clk 00:05:40]}
{[%emt 00:03:13]} Qxf5 {[%clk 00:23:14]} {[%emt 00:00:26]} 26. Be4 {[%clk
00:05:58]} {[%emt 00:00:12]} Qd7 {[%clk 00:22:18]} {[%emt 00:01:26]} 27. Reh1
{[%clk 00:05:24]} {[%emt 00:01:04]} Rg7 {[%clk 00:18:23]} {[%emt 00:04:25]} 28.
R1h3 {[%clk 00:03:18]} {[%emt 00:02:36]} Rf8 {[%clk 00:16:48]} {[%emt
00:02:05]} 29. Bf4 {[%clk 00:02:28]} {[%emt 00:01:20]} Qe7 {[%clk 00:15:06]}
{[%emt 00:02:12]} 30. Be3 {[%clk 00:01:23]} {[%emt 00:01:34]} Nb5 {[%clk
00:12:57]} {[%emt 00:02:40]} 31. b3 {[%clk 00:00:35]} {[%emt 00:01:18]} Nc7
{[%clk 00:11:03]} {[%emt 00:02:24]} 32. Qc2 {[%clk 00:00:31]} {[%emt 00:00:34]}
Ncxd5 {[%clk 00:10:31]} {[%emt 00:01:02]} 33. Bxd5+ {[%clk 00:00:40]} {[%emt
00:00:21]} Nxd5 {[%clk 00:10:59]} {[%emt 00:00:02]} 34. Qxc4 {[%clk 00:01:07]}
{[%emt 00:00:03]} Qf7 {[%clk 00:11:02]} {[%emt 00:00:27]} 35. Ng1 {[%clk
00:00:33]} {[%emt 00:01:04]} Kh8 {[%clk 00:09:53]} {[%emt 00:01:39]} 36. Qe2
{[%clk 00:00:38]} {[%emt 00:00:25]} Nxe3+ {[%clk 00:07:39]} {[%emt 00:02:44]}
37. Rxe3 {[%clk 00:01:00]} {[%emt 00:00:07]} Qd5+ {[%clk 00:07:47]} {[%emt
00:00:22]} 38. Rf3 {[%clk 00:00:49]} {[%emt 00:00:41]} Rgf7 {[%clk 00:08:03]}
{[%emt 00:00:14]} 39. Re4 {[%clk 00:00:55]} {[%emt 00:00:23]} Rf4 {[%clk
00:06:04]} {[%emt 00:02:30]} 40. Rexf4 {[%clk 00:00:34]} {[%emt 00:00:52]} Rxf4
{[%clk 00:06:21]} {[%emt 00:00:13]} 41. Qxa6 {[%clk 00:00:38]} {[%emt
00:00:26]} Rg4+ {[%clk 00:03:51]} {[%emt 00:02:58]} 42. Kh3 {[%clk 00:29:59]}
{[%emt 00:01:10]} Rg3+ {[%clk 00:32:16]} {[%emt 00:02:06]} 43. Rxg3 {[%clk
00:29:20]} {[%emt 00:01:08]} Qh1+ {[%clk 00:32:39]} {[%emt 00:00:07]} 0-1

[Event "DVM U20 2020"]
[Site "Willingen GER"]
[Date "2021.06.26"]
[Round "5"]
[White "Bornholdt, Joa Max"]
[Black "Gorainow, Nikita"]
[Result "1/2-1/2"]
[Termination "normal"]
[Board "5.3"]
[WhiteElo "1998"]
[BlackElo "1971"]
[WhiteClock "00:46:51"]
[BlackClock "00:43:03"]
[WhiteTeam "Lübecker SV von 1873"]
[BlackTeam "Schachfreunde Essen-Katernberg"]
[PlyCount "47"]
[WhiteFideId "16253477"]
[BlackFideId "12970093"]
[EventCountry "GER"]
[EventRounds "7"]
[EventType "team-swiss"]
[EventDate "2021.06.23"]

1. e4 {[%clk 01:30:43]} {[%emt 00:00:09]} c5 {[%clk 01:30:54]} 2. c3 {[%clk
01:30:54]} {[%emt 00:00:33]} Nf6 {[%clk 01:31:20]} {[%emt 00:00:03]} 3. e5
{[%clk 01:31:19]} {[%emt 00:00:05]} Nd5 {[%clk 01:31:46]} {[%emt 00:00:04]} 4.
d4 {[%clk 01:31:41]} {[%emt 00:00:08]} cxd4 {[%clk 01:32:09]} {[%emt 00:00:08]}
5. Nf3 {[%clk 01:32:00]} {[%emt 00:00:11]} Nc6 {[%clk 01:32:33]} {[%emt
00:00:05]} 6. Bc4 {[%clk 01:32:14]} {[%emt 00:00:15]} Nb6 {[%clk 01:32:57]}
{[%emt 00:00:06]} 7. Bb3 {[%clk 01:32:34]} {[%emt 00:00:09]} d5 {[%clk
01:33:10]} {[%emt 00:00:18]} 8. exd6 {[%clk 01:32:53]} {[%emt 00:00:11]} Qxd6
{[%clk 01:33:25]} {[%emt 00:00:15]} 9. O-O {[%clk 01:33:05]} {[%emt 00:00:18]}
Be6 {[%clk 01:23:59]} {[%emt 00:09:57]} 10. Na3 {[%clk 01:29:29]} {[%emt
00:04:06]} dxc3 {[%clk 01:22:52]} {[%emt 00:01:38]} 11. Qe2 {[%clk 01:29:45]}
{[%emt 00:00:14]} Bxb3 {[%clk 01:19:06]} {[%emt 00:04:16]} 12. Nb5 {[%clk
01:29:52]} {[%emt 00:00:22]} Qb8 {[%clk 01:18:58]} {[%emt 00:00:37]} 13. axb3
{[%clk 01:30:16]} {[%emt 00:00:07]} e5 {[%clk 01:16:57]} {[%emt 00:02:30]} 14.
bxc3 {[%clk 01:26:54]} {[%emt 00:03:52]} Be7 {[%clk 01:10:57]} {[%emt
00:06:30]} 15. Re1 {[%clk 01:27:14]} {[%emt 00:00:10]} O-O {[%clk 01:03:02]}
{[%emt 00:08:25]} 16. Nxe5 {[%clk 01:24:56]} {[%emt 00:02:47]} Nxe5 {[%clk
01:01:10]} {[%emt 00:02:22]} 17. Qxe5 {[%clk 01:25:17]} {[%emt 00:00:08]} Qxe5
{[%clk 01:01:34]} {[%emt 00:00:07]} 18. Rxe5 {[%clk 01:25:42]} {[%emt
00:00:05]} Bf6 {[%clk 01:01:55]} {[%emt 00:00:09]} 19. Re4 {[%clk 01:13:22]}
{[%emt 00:12:49]} a6 {[%clk 00:58:15]} {[%emt 00:04:10]} 20. Nd4 {[%clk
01:13:35]} {[%emt 00:00:17]} Rfe8 {[%clk 00:54:32]} {[%emt 00:04:12]} 21. Rxe8+
{[%clk 01:02:24]} {[%emt 00:11:42]} Rxe8 {[%clk 00:54:56]} {[%emt 00:00:06]}
22. Bb2 {[%clk 00:59:20]} {[%emt 00:03:34]} h6 {[%clk 00:50:28]} {[%emt
00:04:59]} 23. Kf1 {[%clk 00:55:51]} {[%emt 00:03:58]} Nd7 {[%clk 00:43:03]}
{[%emt 00:07:55]} 24. Rd1 {[%clk 00:46:51]} {[%emt 00:09:28]} 1/2-1/2

[Event "DVM U20 2020"]
[Site "Willingen GER"]
[Date "2021.06.26"]
[Round "5"]
[White "Struck, Lasse"]
[Black "Tiedemann, Fin Niklas"]
[Result "1-0"]
[Termination "normal"]
[Board "5.4"]
[WhiteElo "1751"]
[BlackElo "1945"]
[WhiteClock "00:26:09"]
[BlackClock "00:15:02"]
[WhiteTeam "Schachfreunde Essen-Katernberg"]
[BlackTeam "Lübecker SV von 1873"]
[PlyCount "51"]
[WhiteFideId "16255623"]
[BlackFideId "12936936"]
[EventCountry "GER"]
[EventRounds "7"]
[EventType "team-swiss"]
[EventDate "2021.06.23"]

1. e4 {[%clk 01:30:57]} {[%emt 00:00:02]} e5 {[%clk 01:30:52]} {[%emt
00:00:08]} 2. Nf3 {[%clk 01:31:22]} {[%emt 00:00:05]} Nc6 {[%clk 01:31:19]}
{[%emt 00:00:04]} 3. Bb5 {[%clk 01:31:47]} {[%emt 00:00:05]} a6 {[%clk
01:31:45]} {[%emt 00:00:05]} 4. Ba4 {[%clk 01:32:11]} {[%emt 00:00:05]} Nf6
{[%clk 01:32:08]} {[%emt 00:00:07]} 5. O-O {[%clk 01:32:19]} {[%emt 00:00:22]}
Be7 {[%clk 01:32:27]} {[%emt 00:00:11]} 6. Re1 {[%clk 01:32:21]} {[%emt
00:00:29]} b5 {[%clk 01:32:51]} {[%emt 00:00:06]} 7. Bb3 {[%clk 01:32:47]}
{[%emt 00:00:03]} O-O {[%clk 01:33:10]} {[%emt 00:00:10]} 8. a4 {[%clk
01:33:10]} {[%emt 00:00:08]} Bb7 {[%clk 01:28:19]} {[%emt 00:05:21]} 9. d3
{[%clk 01:32:21]} {[%emt 00:01:19]} d6 {[%clk 01:28:14]} {[%emt 00:00:35]} 10.
Nbd2 {[%clk 01:30:48]} {[%emt 00:02:03]} Re8 {[%clk 01:27:01]} {[%emt
00:01:43]} 11. Nf1 {[%clk 01:29:53]} {[%emt 00:01:25]} Bf8 {[%clk 01:26:33]}
{[%emt 00:00:59]} 12. Bg5 {[%clk 01:22:02]} {[%emt 00:08:22]} h6 {[%clk
01:24:56]} {[%emt 00:02:06]} 13. Bh4 {[%clk 01:22:00]} {[%emt 00:00:32]} Nd4
{[%clk 01:14:07]} {[%emt 00:11:19]} 14. Nxd4 {[%clk 01:11:11]} {[%emt
00:11:19]} exd4 {[%clk 01:14:29]} {[%emt 00:00:08]} 15. c3 {[%clk 01:10:52]}
{[%emt 00:00:49]} dxc3 {[%clk 01:10:43]} {[%emt 00:04:16]} 16. bxc3 {[%clk
01:11:09]} {[%emt 00:00:13]} g5 {[%clk 01:05:34]} {[%emt 00:05:39]} 17. Bg3
{[%clk 01:10:56]} {[%emt 00:00:43]} Nd7 {[%clk 01:00:59]} {[%emt 00:05:05]} 18.
Qh5 {[%clk 01:03:14]} {[%emt 00:08:11]} Qf6 {[%clk 00:58:51]} {[%emt 00:02:39]}
19. Ne3 {[%clk 00:49:11]} {[%emt 00:14:33]} Qg7 {[%clk 00:45:13]} {[%emt
00:14:08]} 20. Nf5 {[%clk 00:42:53]} {[%emt 00:06:49]} Qf6 {[%clk 00:44:52]}
{[%emt 00:00:50]} 21. Re3 {[%clk 00:38:52]} {[%emt 00:04:31]} Nc5 {[%clk
00:37:33]} {[%emt 00:07:49]} 22. Ba2 {[%clk 00:32:20]} {[%emt 00:07:02]} Nxd3
{[%clk 00:28:11]} {[%emt 00:09:53]} 23. Rf3 {[%clk 00:27:26]} {[%emt 00:05:24]}
Rxe4 {[%clk 00:14:19]} {[%emt 00:14:21]} 24. Nxh6+ {[%clk 00:25:46]} {[%emt
00:02:10]} Qxh6 {[%clk 00:14:43]} {[%emt 00:00:06]} 25. Qxf7+ {[%clk 00:26:09]}
{[%emt 00:00:07]} Kh8 {[%clk 00:15:02]} {[%emt 00:00:11]} 26. Qg8# {[%emt
00:00:07]} 1-0